Fisicoquímica para biólogos: conceptos básicos para las facultades de Medicina, Farmacia y Biología

Uloženo v:
Podrobná bibliografie
Hlavní autor: Morris, J. Gareth (autor)
Médium: Kniha
Jazyk:španělština
Vydáno: Barcelona, España Reverté 1976
Vydání:Segunda edición
Témata:
Tagy: Přidat tag
Žádné tagy, Buďte první, kdo vytvoří štítek k tomuto záznamu!

MARC

LEADER 00000cam a2200000 a 4500
001 UCD8048
003 CL-VaPUC
005 20230112074259.0
008 170422e19760000sp |||||||||||||||||spa|d
999 |c 367818  |d 367816 
020 |a 8429118020 
040 |c Pontificia Universidad Católica de Valparaíso 
082 0 4 |a 539 MOR 1976  |2 21 
100 |a Morris, J. Gareth  |e autor  |9 591910 
245 1 0 |a Fisicoquímica para biólogos: conceptos básicos para las facultades de Medicina, Farmacia y Biología 
250 |a Segunda edición 
260 0 3 |a Barcelona, España  |b Reverté  |c 1976 
300 |a 389 páginas 
583 |a last modification  |c 20170422 00:05:00  |k Rodrigo Vera 
650 0 |a Fisicoquímica  |9 259585 
650 0 |a Mecánica cuántica  |9 306806 
650 0 |a Biología  |9 262022 
650 0 |a Medicina   |9 258507 
650 7 |a FARMACIA  |2 CL-VaPUC  |9 315900 
942 |c BK  |2 ddc 
945 |d 20170422 00:05:00  |a arojas 
952 |0 0  |1 0  |2 ddc  |3 erb  |4 0  |6 539_000000000000000_MOR_1976  |7 0  |8 A  |9 482921  |a BIBCUR  |b BIBCUR  |i 5388627  |l 1  |o 539 MOR 1976  |p 5388627  |r 2025-04-22  |s 2024-05-02  |t 1  |w 2019-11-24  |y BK  |z Catalogado en:20170422  |k BIO